| 000 | 01031nam0a22002411i 4500 | ||
|---|---|---|---|
| 001 | rc\3140038 | ||
| 005 | 20240726065958.0 | ||
| 021 |
_aRU _b[76-508а] |
||
| 035 | _a(NLR Aleph) 007290223 | ||
| 090 |
_a5601783 _c5601783 |
||
| 100 | _a20120615d1975 |||y0rusy50 ca | ||
| 101 | 0 | _arus | |
| 102 | _aRU | ||
| 105 | _ay d ||||| | ||
| 200 | 1 |
_aБанковский кредит и оборотные средства промышленности в новых условиях хозяйствования _e(По материалам Черкас. обл.) _eАвтореф. дис. на соиск. учен. степени канд. экон. наук _e(08.00.10) _fВсесоюз. заоч. фин.-экон. ин-т |
|
| 210 |
_aМосква _d1975 |
||
| 215 | _a22 с. | ||
| 320 | _aСписок работ авт. в конце текста (8 назв.) | ||
| 700 | 1 |
_aТкаля _bА.И. _gАлександр Иванович |
|
| 801 | 0 |
_aRU _bNLR _gpsbo |
|
| 801 | 1 |
_aRU _bELAR _2rusmarc |
|
| 852 |
_aNLR _j76-4/13588 |
||
| 942 | _cBOOK | ||